1262 1550 1707 1223 1795 1458 1797 1646 1346 1934 1558 1145 1706 1696 1635 1977 1456 1236 1722 1603 1227 1186 1573 1981 1219 1421 1557 1668 1707 1733 1233 1238 1235 1852 1934 1473 1516 1185 1492 1008 1080 1489 1996 1901 1521 1044 1342 1444 1758 1535 1750 1853 1668 1355 1204 1871 1793 1923 1517 1491 1455 1793 1819 1375 1532 1267 1918 1548 1157 1745 1266 1647 1976 1848 1391 1530 1874 1644 1560 1268 1929 1374 1654 1431 1826 1174 1792 1151 1389 1259 1337 1628 1112 1903 1291 1764 1706 1066 1060 BCNSPRNW ULIB Ver.6.0+V

เปลี่ยนเป็นภาษาไทย

Change to English
 แสดงรายละเอียดบรรณานุกรม
  กลับหน้าหลัก

Brief Record : Get Marc (ISO 2709) : E-mail record : QR code < ปิดหน้าต่าง
LEADER : 00000nam 2200000uu 4500
001    13399112047
003     ULIB
008    110627s2546||||th 000 0 tha d
099    วจ.LB1060^bศ373 2546
100 0  ศรีสุกาญจน์ บิณฑาประสิทธิ
245 00 รายงานการวิจัยเรื่องศึกษาความพร้อมในการเรียนรู้ด้วยการนำตนเองของนักศึกษาพยาบาล วิทยาลัยพยาบาลบรมราชชนนี สงขลา/^cศรีสุกาญจน์ บิณฑาประสิทธิ
260    สงขลา :^bวิทยาลัยพยาบาลบรมราชชนนี สงขลา,^c2546
300    101 หน้า
650  7 การจัดการเรียนการสอน^xวิจัย
650  7 วิทยาลัยพยาบาลบรมราชชนนี สงขลา
650  7 การเรียนรู้ด้วยตนเอง^xวิจัย
945    ^p0^l0^i018210
995    ทศพร
999 ^a ใช้งานได้ทุกระบบ
รายการนี้ยังไม่มีแท็ก
คุณยังไม่ได้ล็อกอิน คุณสามารถมีกิจกรรมร่วมกับเว็บไซต์ได้ แต่ต้องล็อกอินก่อน ::
  ล็อกอิน

รายการสื่อสารสนเทศ

ลำดับที่ ประเภท เลขเรียก/บาร์โค้ด สถานที่ สถานะ
- ไม่พบข้อมูล -

รายการใกล้เคียง
    หัวเรื่อง [วิทยาลัยพยาบาลบรมราชชนนี สงขลา]

BibComment


ยังไม่เคยถูกคอมเมนท์

คอมเมนท์ทรัพยากรรายการนี้
  คอมเมนท์: รายงานการวิจัยเรื..


 Copyright 2026. Bcnsprnw @Library